| 000 | 00611nam a2200217 4500 | ||
|---|---|---|---|
| 001 | 72977 | ||
| 003 | BD-RjUL | ||
| 005 | 20211209082332.0 | ||
| 008 | 170525s1952 nyuba 000 0 eng d | ||
| 035 | _a(BD-RjUL)73195 | ||
| 040 |
_aDLC _cDLC _dDLC _beng |
||
| 041 | _aeng | ||
| 082 | 0 | 0 |
_a551.482 _223 _bLAW 1952 |
| 100 | 1 |
_aLane, Ferdinand C. _q(Ferdinand Cole), _d1885- _9215841 |
|
| 245 | 1 | 4 |
_aThe world's great lakes / _c Ferdinand C. Lane. |
| 250 | _a[1st ed. | ||
| 260 |
_aGarden City, N.Y. : _bDoubleday, _c1952 |
||
| 300 |
_axvi, 254 p. : _bill. ; _c23 cm. |
||
| 650 | 0 |
_aLakes. _9213831 |
|
| 942 |
_2ddc _cBK |
||
| 999 |
_c72977 _d72977 |
||